Effektivnost' kompleksnogo osvojenija prirodnych resursov Metody ocenki

Na minha lista:
Detalhes bibliográficos
Autor principal: Čirjajeva, Natal'ja Gavrilovna
Formato: Livro
Idioma:russo
Publicado em: Novosibirsk Nauka 1989
Edição:1. izd.
Tags: Adicionar Tag
Sem tags, seja o primeiro a adicionar uma tag!

MARC

LEADER 00000nam a2200000 4500
001 c027966
005 20230221113904.5
041 0 |a rus 
044 |a RU 
245 1 0 |a Effektivnost' kompleksnogo osvojenija prirodnych resursov  |b Metody ocenki  |c Natal'ja Gavrilovna Čirjajeva 
250 |a 1. izd. 
264 1 |a Novosibirsk  |b Nauka  |c 1989 
300 |a 166 s. 
100 1 |a Čirjajeva, Natal'ja Gavrilovna